Survey of pesticide use on rice in svayrieng province ការស្ទាបស្ទង់នៃការប្រើប្រាស់ថ្នាំពុលកសិកម្មរបស់កសិករលើដំណាំស្រូវនៅខេត្តស្វាយរៀង (Record no. 448)
[ view plain ]
| 000 -LEADER | |
|---|---|
| fixed length control field | 00653nam a22001577a 4500 |
| 003 - CONTROL NUMBER IDENTIFIER | |
| control field | OSt |
| 005 - DATE AND TIME OF LATEST TRANSACTION | |
| control field | 20150914154442.0 |
| 008 - FIXED-LENGTH DATA ELEMENTS--GENERAL INFORMATION | |
| fixed length control field | 150914b xxu||||| |||| 00| 0 eng d |
| 040 ## - CATALOGING SOURCE | |
| Transcribing agency | RUA |
| 082 ## - DEWEY DECIMAL CLASSIFICATION NUMBER | |
| Classification number | AGR CHA 1999 B024 Or.1 |
| 100 ## - MAIN ENTRY--PERSONAL NAME | |
| 9 (RLIN) | 469 |
| Personal name | CHANG, DYNA. |
| 245 ## - TITLE STATEMENT | |
| Title | Survey of pesticide use on rice in svayrieng province ការស្ទាបស្ទង់នៃការប្រើប្រាស់ថ្នាំពុលកសិកម្មរបស់កសិករលើដំណាំស្រូវនៅខេត្តស្វាយរៀង |
| 260 ## - PUBLICATION, DISTRIBUTION, ETC. (IMPRINT) | |
| Place of publication, distribution, etc. | Phnom Penh |
| Name of publisher, distributor, etc. | RUA |
| Date of publication, distribution, etc. | 1999 |
| 300 ## - PHYSICAL DESCRIPTION | |
| Extent | 63p. |
| Other physical details | ill. |
| Dimensions | 29cm. |
| 942 ## - ADDED ENTRY ELEMENTS (KOHA) | |
| Source of classification or shelving scheme | |
| Koha item type | AGR |
| Price effective from | Date last seen | Permanent Location | Not for loan | Date acquired | Source of classification or shelving scheme | Koha item type | Lost status | Withdrawn status | Total Renewals | Date last checked out | Total Checkouts | Shelving location | Damaged status | Barcode | Current Location | Full call number |
|---|---|---|---|---|---|---|---|---|---|---|---|---|---|---|---|---|
| 2015-09-14 | 2023-10-20 | Library Block B | 2015-09-14 | AGR | 2023-09-20 | 1 | B024 | RUA004006 | Library Block B | AGR CHA 1999 B024 Or.1 | ||||||
| 2015-09-14 | 2016-07-06 | Library Block B | 2015-09-14 | AGR | 2016-05-28 | 2 | B024 | RUA004003 | Library Block B | AGR CHA 1999 B024 Or.2 | ||||||
| 2015-09-14 | 2015-09-14 | Library Block B | 2015-09-14 | AGR | B024 | RUA003289 | Library Block B | AGR CHA 1999 B024 Or.3 | ||||||||
| 2015-09-14 | 2024-11-07 | Library Block B | 2015-09-14 | AGR | 2 | 2024-01-09 | 2 | B024 | RUA003293 | Library Block B | AGR CHA 1999 B024 Or.4 | |||||
| 2015-09-14 | 2024-01-25 | Library Block B | 2015-09-14 | AGR | 2023-12-25 | 2 | B024 | RUA003220 | Library Block B | AGR CHA 1999 B024 Or.5 | ||||||
| 2016-01-26 | 2021-12-06 | Library Block B | 2016-01-26 | AGR | 2021-11-23 | 1 | RUA046377 | Library Block B | AGR CHA 1999 B024 Or.6 |